| 000 | 00975nam a22003017a 4500 | ||
|---|---|---|---|
| 003 | CHAP | ||
| 005 | 20220329134918.0 | ||
| 008 | 971013s1966 r 00010 d | ||
| 010 | _a27945 | ||
| 011 | _a28917 | ||
| 035 | _a33028 | ||
| 040 | _cCHAP | ||
| 082 |
_a510.7834 _bM32mY |
||
| 100 | 0 | 0 |
_aMcCracken, Daniel D. _973440 |
| 245 |
_aMétodos numéricos y programación Fortran _b: con aplicaciones en ingeniería y ciencias |
||
| 260 |
_aMéxico, D.F. : _bLimusa-Wiley, _c1966 |
||
| 300 | _a476 p | ||
| 590 |
_aBATCH-UPD _b10 _c20130110 _lUCH01 _h0106 |
||
| 590 |
_aBATCH-UPD _b10 _c20130110 _lUCH01 _h2147 |
||
| 590 |
_aBATCH-UPD _b10 _c20130409 _lUCH01 _h2056 |
||
| 590 |
_aBATCH-UPD _b10 _c20130914 _lUCH01 _h1219 |
||
| 590 |
_aCONVERSION _b10 _c20130109 _lUCH01 _h1316 |
||
| 650 | 1 | 4 |
_aFORTRAN (Programación) _942651 |
| 700 | 0 |
_aDorn, Williams S. _934021 |
|
| 901 | _aBK | ||
| 942 | _cLIBRO | ||
| 949 |
_a510.7834 M32mY _bBC _cLIBRO _d-76824 _eLIBRO _h16402 _i33028 _si _t100.00 |
||
| 999 |
_c27945 _d27945 |
||